Trabajo y fatiga mental / (Record no. 58787)

MARC details
000 -LEADER
campo de control de longitud fija 00754nam a2200241 i 4500
001 - NÚMERO DE CONTROL
campo de control 58787
003 - IDENTIFICADOR DE NÚMERO DE CONTROL
campo de control ES-MaACL
005 - FECHA Y HORA DE LA ÚLTIMA TRANSACCIÓN
campo de control 20230906163904.0
007 - CAMPO FIJO DE DESCRIPCIÓN FÍSICA--INFORMACIÓN GENERAL
campo de control de longitud fija t|
008 - DATOS DE LONGITUD FIJA--INFORMACIÓN GENERAL
campo de control de longitud fija 031024s1965 sp ||||1| spa d
100 1# - ENTRADA PRINCIPAL--NOMBRE DE PERSONA
Nombre de persona Eck, Marcel.
9 (RLIN) 46596
245 10 - MENCIÓN DEL TÍTULO
Título Trabajo y fatiga mental /
Mención de responsabilidad, etc. Marcel Eck, L. Dumortier y J. Saulnier ; [traducido al castellano por Carlos Jiménez Villarejo].
250 ## - MENCION DE EDICION
Mención de edición [1ª ed.].
260 ## - PUBLICACIÓN, DISTRIBUCIÓN, ETC.
Lugar de publicación, distribución, etc. Barcelona :
Nombre del editor, distribuidor, etc. [Fontanella],
Fecha de publicación, distribución, etc. 1965.
300 ## - DESCRIPCIÓN FÍSICA
Extensión 116 p. ;
Dimensiones 19 cm.
490 1# - MENCIÓN DE SERIE
Mención de serie Intormes ;
Designación de volumen o secuencia 11
700 1# - ENTRADA AGREGADA--NOMBRE PERSONAL
Nombre de persona Dumortier, L.
9 (RLIN) 46014
700 1# - ENTRADA AGREGADA--NOMBRE PERSONAL
Nombre de persona Saulnier, J.
9 (RLIN) 103972
700 1# - ENTRADA AGREGADA--NOMBRE PERSONAL
Nombre de persona Jiménez Villarejo, Carlos.
9 (RLIN) 66627
830 0# - PUNTO DE ACCESO ADICIONAL DE SERIE-TÍTULO UNIFORME
Título uniforme Intormes ;
Designación de volumen o secuencia 11
9 (RLIN) 230492
852 ## - LOCALIZACIÓN
Ubicación ES-MaACL
Número de control de estantería C-28306
Sublocalización o colección R.57259
Holdings
Estatus retirado Estado de pérdida Estado de daño No para préstamo Biblioteca de origen Biblioteca actual Ubicación en estantería Fecha de adquisición Fuente de adquisición Total de préstamos Signatura topográfica completa Código de barras Visto por última vez Precio de reemplazo Tipo de ítem Koha
        Biblioteca del Ateneo de Madrid Biblioteca del Ateneo de Madrid Depósito 2 17/01/2008     C-28306 1061673 23/02/2023 23/02/2023 Libro impreso